Introducción a los sistemas de bases de datos
Gardado en:
| Main Authors: | , |
|---|---|
| Formato: | Libro |
| Idioma: | Lingua castelá |
| Publicado: |
Ciudad de México
Prentice Hall Hispanoamericana
1999
|
| Edición: | 1a. ed |
| Subjects: | |
| Tags: |
Engadir etiqueta
Sen Etiquetas, Sexa o primeiro en etiquetar este rexistro!
|
MARC
| LEADER | 00000nam a2200000 a 4500 | ||
|---|---|---|---|
| 001 | UCK9416 | ||
| 003 | CL-VaPUC | ||
| 008 | 060512e19990000MX |||||||||||||||||spa|d | ||
| 020 | |a 9701702565 | ||
| 082 | 0 | 4 | |a 005.74 |b ULL |2 21 |
| 100 | 0 | |a Ullman, Jeffrey D |e author |9 499204 | |
| 700 | 0 | |a Widom, Jennifer |e author |9 499205 | |
| 245 | 1 | 0 | |a Introducción a los sistemas de bases de datos |
| 250 | |a 1a. ed | ||
| 300 | |a 470 p | ||
| 942 | |c BK | ||
| 945 | |d 20060512 00:00:00 |a cmena | ||
| 260 | |a Ciudad de México |b Prentice Hall Hispanoamericana |c 1999 | ||
| 650 | 0 | |a Bases de datos |9 260577 | |
| 650 | 0 | |a Modelos matemáticos |9 259437 | |
| 650 | 0 | |a Lenguajes de programación |9 259458 | |
| 650 | 0 | |a Programación orientada al objeto |9 387863 | |
| 583 | |a last modification |c 20060512 00:00:00 |k Rodrigo Vera | ||
| 999 | |c 316623 |d 316621 | ||
| 952 | |0 0 |1 0 |4 0 |6 005_740000000000000_ULL_1999 |7 0 |8 A |9 391202 |a BIBGIM |b BIBGIM |d 2019-11-22 |i 4229754 |o 005.74 ULL 1999 |p 4229754 |r 2025-01-15 |w 2019-11-22 |y BK |k EST | ||